| 000 | 00437cam a2200181ua 4500 | ||
|---|---|---|---|
| 020 | _c2.00 | ||
| 041 |
_aeng _h |
||
| 082 |
_a294.3 _bPAU/GO |
||
| 100 | _aPaul, Carus . | ||
| 245 |
_aGospel of Budha / _cPaul Carus. _hTextual Documents |
||
| 260 |
_aIndia : _bMinistry of I&B, Govt. of India , _c1883. |
||
| 300 | _a252 ; . | ||
| 365 | _a2.00 | ||
| 504 | _a | ||
| 700 | 1 | _aKopetsky, O . | |
| 942 | _cBK | ||
| 999 |
_c1623 _d1623 |
||